00452nam a2200145 i 4500001000300000100001900003245006200022260002100084700002100105040000800126041000800134080002500142008004100167856009800208bg1 aFEDYNA, Konrad 0aUkłady mikroprocesorowe Z 80 /cK. Fedyna, M. Mizeracki. aWarszawa,c1989.1 aMIZERACKI, Marek cBPK apol a681.322:621.3.049.77 s pl f |000 0 pol  uhttp://koha.tu.koszalin.pl/cgi-bin/koha/opac-detail.pl?biblionumber=28668yKatalog online BPK